| 000 | 00227nam a22000737a 4500 | ||
|---|---|---|---|
| 999 |
_c24040 _d24040 |
||
| 003 | Nust | ||
| 005 | 20170412131750.0 | ||
| 008 | 140502b xxu||||| |||| 00| 0 eng d | ||
| 020 |
_cAvailable _a8120330307 |
||
| 040 |
_aDLC _bDLC _cRCMS |
||
| 082 |
_24th,ed. _a621.38 PRO |
||
| 100 | _aProkis John G | ||
| 245 |
_aDigital Signal Processing _bPrincipales,Algorithms and Applications |
||
| 260 |
_aNew Delhi India _bPrentice Hall _cc2006 |
||
| 300 |
_axix,1084,p: _bill: _c25,cm. |
||
| 538 | _iShelf # 15, Row # 3, Communication. | ||
| 650 | _aElectrical engineering / Computer engineering | ||
| 856 | _3Table of Content Only | ||
| 942 |
_2ddc _cBK |
||